00376nam a2200109Ia 4500008004100000100001600041245005000057260006900107300001100176650001100187856006800198160712s9999 xx 000 0 und d aRival, Rae. cRae RivalaThe Color of Death and Other Poems c2013bLikhaan: The Journal of Contemporary Philippine Literature avol. 7 xPOETRY uhttp://journals.upd.edu.ph/index.php/lik/issue/view/537/showToc